000 00273 a2200121 4500
001 12696
090 _c9693
_d9693
100 _aPrasad,D
245 _aIntroduction to Numerical Analysis, 2/e
250 _a2
260 _aND
_bNarosa Publishing House
_c2005
300 _axiv, 349 p.
942 _aNUST-CAE
999 _c247769
_d247769